[Event "EYCC 2017"]
[Site "Mamaia"]
[Date "2017.09.13"]
[Round "8"]
[White "Ciocan, Maria-Alexandra"]
[Black "Muetsch, Annmarie"]
[Result "1-0"]
[WhiteElo "2015"]
[BlackElo "2137"]
[Annotator "TA"]
[PlyCount "55"]
[EventDate "2017.??.??"]
[EventType "swiss"]
[EventCountry "ROU"]
[SourceTitle "playchess.com"]
[Source "ChessBase"]
[SourceQuality "1"]

{[%evp 9,55,-42,4,-12,15,13,10,20,28,1,64,35,54,45,46,41,315,227,268,252,562,562,564,355,296,296,418,391,2420,2402,2612,530,567,556,547,535,636,516,559,557,2298,881,1112,1060,29990,29991,29994,29993]} 1. e4 c5 2. a3 e6 3. b4 cxb4 4. axb4 Bxb4 5. Bb2 Bf8 (5... Nf6 6. e5 Nd5 7. Qg4 O-O 8. Nf3 Nc6 9. c4 f5 10. exf6 Nxf6 11. Qh4 d5 {½-½ (48) Perunovic,M (2696)-Vuckovic,B (2499) Belgrade 2014}) 6. Na3 {B20: Sicilian: Unusual White 2nd moves} Nf6 7. e5 Nd5 8. Nb5 $146 {The position is equal.} ({Predecessor:} 8. c4 Nb6 9. f4 Bc5 10. Nf3 Nc6 11. Nb5 O-O 12. d4 Bb4+ 13. Kf2 {0-1 (35) Nasikan,N-Pochvirny,N Kiev 2006}) 8... Nc6 9. Bc4 Nb6 (9... Be7 $11) 10. Bb3 a6 11. Nd6+ Bxd6 $1 12. exd6 e5 $2 {[%mdl 8192]} (12... Qh4 $14) 13. Qh5 {[%csl Gb3][%cal Rh5f7] [#]} O-O 14. Nf3 {And now Ng5 would win.} g6 $2 (14... Qf6 {is tougher.} 15. O-O g6) 15. Qh6 $18 Qf6 {and the idea ...a5 leaves Black hopeful.} 16. h4 a5 17. h5 (17. Ng5 Qg7 $15) 17... Qg7 (17... a4 {was called for.}) 18. Qe3 Ra6 $2 (18... a4 19. Ba2 (19. Qxb6 Ra6 $16) 19... a3) 19. hxg6 hxg6 20. Rh4 (20. Nxe5 $142 Ra8 21. Nxf7 Qxb2 22. Ng5+ Qxb3 23. Qxb3+ Kg7 24. Qb2+ Nd4 25. Qxd4+ Rf6 26. Rh7+ Kg8 27. Qxf6 Nd5 28. Rh8#) 20... a4 21. Ba2 a3 22. Bc3 {[%cal Rf3e5]} Na4 23. Bxe5 Nxe5 24. Nxe5 ({Weaker is} 24. Qxe5 Ra5 $14) 24... Re8 25. Re4 (25. Bxf7+ $142 Kf8 26. Bxe8 Rxd6 27. Nxg6+ Rxg6 28. Bxg6 Qxg6 29. Rxa4) 25... Rf8 26. Ke2 {[#] Threatens to win with Bxf7+.} Nb6 27. Rh1 Qf6 28. Nxf7 {Precision: White = 54%, Black = 23%.} 1-0

[Event "EYCC 2017"]
[Site "Mamaia"]
[Date "2017.09.13"]
[Round "8"]
[White "Fiszer, Bartosz"]
[Black "Maurizzi, Marc Andria"]
[Result "1/2-1/2"]
[WhiteElo "2009"]
[BlackElo "1947"]
[Annotator "NA RC"]
[PlyCount "88"]
[EventDate "2017.??.??"]
[EventType "swiss"]
[EventCountry "ROU"]
[SourceTitle "playchess.com"]
[Source "ChessBase"]
[SourceQuality "1"]
[TimeControl "40/5400+30:1800+30"]

1. e4 e5 2. Nf3 Nc6 3. Bb5 a6 4. Ba4 g6 5. c3 Bg7 {C70: Ruy Lopez: 3...a6 4 Ba4, Norwegian and Delayed Schliemann} (5... d6 6. d4 Bd7 7. dxe5 Nxe5 8. Nxe5 dxe5 9. Be3 Nf6 10. Nd2 b5 11. Bb3 Bd6 12. Qf3 h6 13. a4 Rb8 14. axb5 axb5 15. O-O {1-0 (36) Sutovsky,E (2650)-Rodshtein,M (2701) Poikovsky 2017}) 6. d4 exd4 7. cxd4 b5 8. Bc2 d6 9. Nc3 Nge7 10. Be3 $146 ({Predecessor:} 10. h3 O-O 11. O-O Bb7 12. Bg5 h6 13. Be3 Na5 {0-1 (30) Popilski,G (2389)-Gopal,G (2572) New Delhi 2012}) 10... Bg4 11. Qd2 O-O 12. h4 d5 13. e5 h5 14. Bg5 Qd7 15. O-O-O Nf5 16. Ne2 a5 17. Rde1 a4 18. Ng3 Nxg3 19. fxg3 b4 20. Bb1 Rfb8 21. Bf6 Na5 22. Bxg7 Kxg7 23. Bd3 Nc4 24. Qe2 $17 ({White should play} 24. Qf4 $15) 24... Bf5 25. e6 Qxe6 26. Qxe6 Bxe6 27. Ng5 Rb6 28. Rhf1 Raa6 29. Rf2 f6 30. Nf3 Rc6 31. Kb1 Rab6 32. Rfe2 Bf7 33. Re7 Nd6 34. Rd7 Rb8 35. Ree7 Rc8 36. Ne5 fxe5 37. dxe5 Ne4 38. Rxf7+ Kg8 39. Rg7+ Kh8 40. Rh7+ Kg8 41. Rdg7+ Kf8 42. Rf7+ Kg8 43. Rfg7+ Kf8 44. Rf7+ Kg8 1/2-1/2

[Event "EYCC 2017"]
[Site "Mamaia"]
[Date "2017.09.13"]
[Round "8"]
[White "Miroshnik, Ekaterina"]
[Black "Vidruk, Mariia"]
[Result "1-0"]
[WhiteElo "2006"]
[BlackElo "1848"]
[Annotator "NA RC"]
[PlyCount "111"]
[EventDate "2017.??.??"]
[EventType "swiss"]
[EventCountry "ROU"]
[SourceTitle "playchess.com"]
[Source "ChessBase"]
[SourceQuality "1"]
[TimeControl "40/5400+30:1800+30"]

1. d4 {[%emt 0:00:00]} Nf6 {[%emt 0:00:08]} 2. c4 {[%emt 0:00:00]} e6 {[%emt 0:00:07]} 3. g3 {[%emt 0:00:00]} d5 {[%emt 0:00:43]} 4. Bg2 {[%emt 0:00:18]} Bb4+ {[%emt 0:00:39]} 5. Bd2 {[%emt 0:00:13]} Be7 {[%emt 0:00:35]} 6. Nf3 {[%emt 0:01:28]} O-O {[%emt 0:00:38]} 7. O-O {[%emt 0:02:27]} b6 {[%emt 0:03:01]} 8. Nc3 {[%emt 0:03:25]} Bb7 {[%emt 0:02:00]} 9. cxd5 {[%emt 0:01:16]} exd5 {[%emt 0:00:38]} 10. Bf4 {[%emt 0:02:25]} c6 {[%emt 0:01:33]} 11. Rc1 {[%emt 0:00:32]} Nbd7 {[%emt 0:00:55]} 12. Re1 {[%emt 0:09:39]} Re8 {[%emt 0:05:21]} 13. Rc2 {[%emt 0:13:31]} Bf8 {[%emt 0:11:18]} 14. Bc1 {[%emt 0:18:01]} Ne4 {[%emt 0:10:34]} 15. Nd2 {[%emt 0:01:54]} f5 {[%emt 0:04:09]} 16. Ndxe4 {[%emt 0:03:38]} fxe4 {[%emt 0:01:13]} 17. f3 {[%emt 0:06:20]} exf3 {[%emt 0:09:08]} 18. Bxf3 {[%emt 0:01:22]} Nf6 {[%emt 0:02:15]} 19. Bg5 {[%emt 0:03:24]} Be7 {[%emt 0:07:30]} 20. Kg2 {[%emt 0:04:08]} Ne4 {[%emt 0:02:53]} 21. Bxe7 {[%emt 0:04:29]} Qxe7 {[%emt 0:00:57]} 22. e3 {[%emt 0:15:05]} Rf8 {[%emt 0:05:32]} 23. Nxe4 {[%emt 0:01:22]} dxe4 {[%emt 0:00:23]} 24. Bg4 {[%emt 0:00:25]} Rf6 {[%emt 0:02:47]} 25. Rf1 {[%emt 0:01:36]} Raf8 {[%emt 0:01:00]} 26. Rxf6 {[%emt 0:01:10]} Qxf6 {[%emt 0:01:43]} 27. Qe1 {[%emt 0:01:04]} Qg6 {[%emt 0:02:22]} 28. Bd1 {[%emt 0:01:58]} Ba6 {[%emt 0:10:17]} 29. Rf2 {[%emt 0:00:50]} Rxf2+ {[%emt 0:01:20]} 30. Qxf2 {[%emt 0:00:06]} Bc4 {[%emt 0:01:32]} 31. b3 {[%emt 0:00:28]} Bd5 {[%emt 0:00:46]} 32. Qf4 {[%emt 0:00:18]} Qe8 {[%emt 0:01:15]} 33. Qd6 {[%emt 0:01:07]} g6 {[%emt 0:02:32]} 34. Bg4 {[%emt 0:01:14]} Kg7 {[%emt 0:03:50]} 35. h4 {[%emt 0:01:33]} Qf8 {[%emt 0:01:43]} 36. Qe5+ {[%emt 0:00:21]} Qf6 {[%emt 0:00:27]} 37. Qc7+ {[%emt 0:00:33]} Qf7 {[%emt 0:00:16]} 38. Qe5+ {[%emt 0:00:11]} Qf6 {[%emt 0:00:28]} 39. Qc7+ {[%emt 0:00:06]} Qf7 {[%emt 0:00:10]} 40. Qd6 {[%emt 0:00:00]} Qf6 {[%emt 0:02:59]} 41. Qb8 {[%emt 0:16:17]} Qf7 {[%emt 0:01:32]} 42. Bd1 {[%emt 0:08:18]} h5 {[%emt 0:02:04]} 43. Qe5+ {[%emt 0:02:16]} Qf6 {[%emt 0:01:34]} 44. g4 {[%emt 0:02:56]} hxg4 {[%emt 0:03:28]} 45. Bxg4 {[%emt 0:01:04]} Kf7 {[%emt 0:01:57]} 46. Kg3 {[%emt 0:00:31]} b5 {[%emt 0:03:23]} 47. Qxf6+ {[%emt 0:01:03]} Kxf6 {[%emt 0:00:05]} 48. Kf4 {[%emt 0:00:04]} b4 {[%emt 0:01:08]} 49. Bd1 {[%emt 0:01:02]} a5 {[%emt 0:01:03]} 50. Bc2 {[%emt 0:00:04]} a4 {[%emt 0:03:23]} 51. Bxe4 {[%emt 0:00:53]} Bxe4 {[%emt 0:01:06]} 52. Kxe4 {[%emt 0:00:04]} axb3 {[%emt 0:00:14]} 53. axb3 {[%emt 0:00:01]} Ke6 {[%emt 0:00:16]} 54. Kd3 {[%emt 0:02:10]} Kd5 {[%emt 0:02:24]} 55. e4+ {[%emt 0:00:04]} Kd6 {[%emt 0:00:18]} 56. Kc4 {[%emt 0:00:10]} 1-0

[Event "EYCC 2017"]
[Site "Mamaia"]
[Date "2017.09.13"]
[Round "8"]
[White "Vilcu, Matei-Stefan"]
[Black "Morgunov, Marc"]
[Result "0-1"]
[WhiteElo "1977"]
[BlackElo "2199"]
[Annotator "TA"]
[PlyCount "84"]
[EventDate "2017.??.??"]
[EventType "swiss"]
[EventCountry "ROU"]
[SourceTitle "playchess.com"]
[Source "ChessBase"]
[SourceQuality "1"]

{[%evp 12,84,37,-10,16,0,0,-50,12,-38,-21,-26,-24,-21,-4,-12,-8,-19,-2,-25,-31,-31,0,-31,12,-16,18,-27,-19,-42,0,-59,-37,-40,-16,-16,0,0,0,4,0,-45,-45,-52,-43,-48,-41,-157,-156,-241,-220,-189,-198,-208,-194,-197,-208,-247,-155,-331,-325,-376,-355,-442,-373,-439,-412,-506,-328,-415,-370,-673,-671,-1800,-1699]} 1. e4 e5 2. Nf3 Nc6 3. Bc4 Bc5 4. c3 Nf6 5. d3 a6 6. Nbd2 O-O {C54: Giuoco Piano: 4 c3 Nf6, main lines with 5 d4 and 5 d3} 7. Nf1 {LiveBook: 8 Games} (7. Bb3 h6 8. h3 d6 9. Nf1 Be6 10. Ng3 Bxb3 11. axb3 d5 12. O-O dxe4 13. dxe4 Qxd1 14. Rxd1 {1-0 (46) Ponomariov,R (2699)-Leko,P (2678) Biel 2017}) 7... Re8 8. Bb3 d5 $146 {[%cal Bd7d5,Bd5d4][%mdl 32] The position is equal.} ({Predecessor:} 8... h6 9. h3 d5 10. Qe2 Be6 11. Bc2 b5 12. a3 dxe4 13. dxe4 Bc4 14. Qd2 {0-1 (25) Arya,R (1211)-Ananya,R (1467) Mumbai 2016}) 9. Qe2 Ng4 (9... a5 $15) 10. Ne3 (10. Bg5 $5 {[%cal Rg5d8]} Qd7 11. Ne3 $11) 10... Nxe3 11. Bxe3 d4 12. Bg5 Be7 13. Bxe7 Rxe7 14. O-O Bg4 15. h3 Bxf3 16. Qxf3 Qd6 17. Qg3 Qg6 18. Qh4 Qd6 19. Rad1 Rd7 20. Kh1 Rb8 21. Bc2 ({White should try} 21. f4 $11) 21... Qc5 22. c4 Nb4 23. Bb3 a5 24. f4 exf4 25. Rxf4 Re7 26. a3 {[#] aiming for Rf5.} (26. Rf5 $5 {[%cal Rf5c5]} Re5 27. Rdf1 $14) 26... Nc6 27. Rdf1 Ne5 28. Rf5 Re6 29. g4 ({Better is} 29. Qf2 $15) 29... Qb6 $17 30. Qg3 (30. Bc2 $17) 30... Qxb3 $19 31. Rxe5 Rxe5 32. Qxe5 Qxd3 {[%mdl 4096] Endgame KQR-KQR} 33. Kg2 Qxc4 34. Rf2 Rc8 35. g5 $2 {[#]} (35. Qxa5 $17 {was called for.} b5 36. Qb4) 35... c5 36. h4 Qe6 37. Qf4 Re8 38. e5 Re7 39. Re2 Qd5+ 40. Kg3 Re6 41. h5 $2 (41. Qf3 Qd7 42. Qd3) 41... d3 42. Rd2 Rxe5 {Precision: White = 15%, Black = 44%.} 0-1

[Event "EYCC 2017"]
[Site "Mamaia"]
[Date "2017.09.13"]
[Round "8"]
[White "Garifullina, Leya"]
[Black "Jarocka, Liwia"]
[Result "1/2-1/2"]
[WhiteElo "1970"]
[BlackElo "1970"]
[Annotator "NA RC"]
[PlyCount "73"]
[EventDate "2017.??.??"]
[EventType "swiss"]
[EventCountry "ROU"]
[SourceTitle "playchess.com"]
[Source "ChessBase"]
[SourceQuality "1"]
[TimeControl "40/5400+30:1800+30"]

1. e4 {[%emt 0:00:51]} c5 {[%emt 0:00:10]} 2. Nf3 {[%emt 0:00:23]} g6 {[%emt 0:00:25]} 3. d4 {[%emt 0:01:28]} cxd4 {[%emt 0:00:15]} 4. Qxd4 {[%emt 0:00:33]} Nf6 {[%emt 0:00:07]} 5. e5 {[%emt 0:00:30]} Nc6 {[%emt 0:00:33]} 6. Qa4 {[%emt 0:01:58]} Nd5 {[%emt 0:01:05]} 7. Qe4 {[%emt 0:00:14]} Nb6 {[%emt 0:00:28] B27: Sizilianisch (Frühes Fianchetto)} 8. Bd3 {[%emt 0:08:06]} (8. Nc3 Bg7 9. Bf4 d5 10. exd6 Bf5 11. Qe2 O-O 12. O-O-O exd6 13. Rxd6 Qc8 14. Qb5 Re8 15. h4 {½-½ (30) Saric,I (2666)-Hou,Y (2673) Wijk aan Zee 2015}) 8... Bg7 {[%emt 0:00:51]} 9. O-O {[%emt 0:00:35]} d5 {[%emt 0:05:14]} 10. exd6 {[%emt 0:02:09]} Qxd6 11. Rd1 {[%emt 0:04:21]} O-O {[%emt 0:03:55]} 12. Nc3 {[%emt 0:07:55]} Bf5 $146 {[%emt 0:09:15]} ({Vorgänger:} 12... Qb4 13. a3 Qxe4 14. Bxe4 Bf5 15. Bxf5 gxf5 {0-1 (44) Cruz Fernandez,J (1734)-Sanchez,J (2181) San Francisco de Macoris 2016}) 13. Qe2 {[%emt 0:05:40]} Bxd3 {[%emt 0:08:59]} 14. Rxd3 {[%emt 0:01:31]} Qc7 {[%emt 0:01:56]} 15. Nb5 {[%emt 0:05:27]} Qc8 {[%emt 0:01:08]} 16. c3 {[%emt 0:03:01]} a6 {[%emt 0:01:46]} 17. Na3 {[%emt 0:04:03]} Qc7 {[%emt 0:07:14]} 18. Be3 {[%emt 0:04:07]} Rfd8 {[%emt 0:01:00]} 19. Rad1 {[%emt 0:03:03]} Nd7 {[%emt 0:01:55]} 20. Nc4 {[%emt 0:05:33]} b5 {[%emt 0:19:49]} 21. Rxd7 {[%emt 0:04:18]} Rxd7 {[%emt 0:00:06]} 22. Rxd7 {[%emt 0:00:02]} Qxd7 {[%emt 0:00:08]} 23. Nb6 {[%emt 0:00:04]} Qb7 {[%emt 0:00:07]} 24. Nxa8 {[%emt 0:00:07]} Qxa8 {[%emt 0:00:05]} 25. Qd1 {[%emt 0:04:48]} Qd8 {[%emt 0:06:01]} 26. Qxd8+ {[%emt 0:01:08]} Nxd8 {[%emt 0:00:16]} 27. Kf1 {[%emt 0:00:28]} e5 {[%emt 0:02:50]} 28. Ke2 {[%emt 0:05:02]} Kf8 {[%emt 0:00:41]} 29. Nd2 $11 {[%emt 0:10:42]} Ke7 {[%emt 0:01:43]} 30. Kd3 {[%emt 0:01:18]} Ne6 {[%emt 0:01:37]} 31. f3 {[%emt 0:03:41]} f5 {[%emt 0:00:41]} 32. b4 {[%emt 0:02:35]} Kd6 {[%emt 0:01:03]} 33. c4 {[%emt 0:02:15]} Nd8 {[%emt 0:03:06]} 34. Bc5+ {[%emt 0:01:55]} Kc6 {[%emt 0:02:05]} 35. Be3 {[%emt 0:01:27]} Nf7 {[%emt 0:01:03]} 36. Kc3 {[%emt 0:02:06]} f4 {[%emt 0:12:43]} 37. Bc5 1/2-1/2

[Event "EYCC 2017"]
[Site "Mamaia"]
[Date "2017.09.13"]
[Round "8"]
[White "Gitu, Paula-Alexandra"]
[Black "Balajayeva, Khanim"]
[Result "0-1"]
[WhiteElo "1948"]
[BlackElo "2342"]
[Annotator "TA"]
[PlyCount "80"]
[EventDate "2017.??.??"]
[EventType "swiss"]
[EventCountry "ROU"]
[SourceTitle "playchess.com"]
[Source "ChessBase"]
[SourceQuality "1"]

{[%evp 15,80,0,0,-41,-12,-22,-18,-45,8,-29,-14,-16,-20,-23,-28,-40,-26,-50,-47,-61,-66,-68,-56,-52,-41,-41,-42,-88,-48,-102,-48,-102,-49,-103,-85,-288,-296,-295,-256,-293,-224,-362,-378,-411,-433,-400,-292,-398,-342,-416,-398,-489,-481,-566,-537,-537,-608,-537,-537,-579,-475,-1159,-1058,-12840,-12840,-12841,-12352]} 1. e4 e5 2. Bc4 Nf6 3. Nc3 Nc6 4. d3 Na5 5. Qf3 Nxc4 (5... d6 6. Nge2 Be7 7. h3 O-O 8. O-O Be6 9. b3 Qd7 10. a4 Rad8 11. Ba3 Ne8 12. Qe3 a6 13. f4 Nxc4 14. bxc4 exf4 15. Nxf4 {½-½ (45) Rublevsky,S (2681)-Jakovenko,D (2704) Khanty-Mansiysk 2016}) 6. dxc4 {C28: Vienna Game: 2...Nf6 3 Bc4 Nc6} d6 7. h3 Be6 8. b3 c6 {LiveBook: 8 Games} 9. Qe3 $146 ({Predecessor:} 9. Nge2 Be7 10. O-O O-O 11. Rd1 Qc7 12. a4 b6 13. Ng3 {1-0 (36) Perunovic,M (2580)-Saric,I (2555) Banja Vrucica 2009}) 9... d5 (9... b5 $5) 10. exd5 cxd5 {...d4 is the strong threat.} 11. cxd5 Bb4 (11... Nxd5 $15 12. Nxd5 Qxd5) 12. Bd2 ({Reject} 12. dxe6 Nd5 $17) (12. Nge2 {keeps more tension.} Nxd5 13. Qxe5 Rc8 14. Bd2 O-O 15. O-O) 12... Nxd5 13. Nxd5 Bxd2+ 14. Qxd2 {Black must now prevent c4.} Bxd5 15. Nf3 Bxf3 16. Qxd8+ Rxd8 17. gxf3 $15 {[%mdl 4096] Endgame KRR-KRR} Ke7 18. Ke2 h5 19. Rhg1 Kf6 20. Rad1 g5 21. Ke3 Kf5 22. Rgf1 (22. c4 $15) 22... Ke6 ({Black should try} 22... f6 $17) 23. Rg1 {[#]} (23. c4 $15) 23... f6 (23... Rxd1 $1 $17 24. Rxd1 b5) 24. Rgf1 (24. c4 $15) 24... Rc8 25. Rd2 $2 (25. c4 $17 {was the only defense.}) 25... Rc3+ $19 26. Ke2 Rhc8 27. Rc1 R8c7 28. a3 {[#]} (28. h4 $142) 28... Rxb3 $1 {[%mdl 512]} 29. cxb3 Rxc1 {KR-KR} 30. Rd3 Rc2+ 31. Ke1 Ra2 32. b4 b6 {[%cal Bb7b6,Bb6a5,Ba5a4][%mdl 32]} 33. Kf1 a5 {Black is clearly winning.} 34. bxa5 bxa5 35. Rb3 a4 36. Rc3 h4 37. Ke1 Rb2 38. Rd3 (38. Kf1 $142 Rb3 39. Rc6+ Kf5 40. Ra6) 38... Rb3 39. Kd2 Rxd3+ 40. Kxd3 Kd5 {Precision: White = 16%, Black = 60%.} 0-1

[Event "EYCC 2017"]
[Site "Mamaia"]
[Date "2017.09.13"]
[Round "8"]
[White "Wikar, Martyna"]
[Black "Mironenko, Galina"]
[Result "0-1"]
[WhiteElo "1943"]
[BlackElo "2035"]
[Annotator "NA RC"]
[PlyCount "102"]
[EventDate "2017.??.??"]
[EventType "swiss"]
[EventCountry "ROU"]
[SourceTitle "playchess.com"]
[Source "ChessBase"]
[SourceQuality "1"]
[TimeControl "40/5400+30:1800+30"]

1. d4 {[%emt 0:00:00]} Nf6 {[%emt 0:00:00]} 2. g3 {[%emt 0:00:00]} e6 3. Bg2 {[%emt 0:00:19]} d5 {[%emt 0:00:34]} 4. Nf3 {[%emt 0:00:13]} Be7 {[%emt 0:00:36]} 5. O-O {[%emt 0:00:32]} O-O {[%emt 0:00:20]} 6. c4 {[%emt 0:01:34]} b6 {[%emt 0:01:38]} 7. b3 {[%emt 0:03:11]} Bb7 {[%emt 0:01:13]} 8. Nc3 {[%emt 0:01:02]} Nbd7 {[%emt 0:03:10]} 9. Ne5 {[%emt 0:03:33]} c5 {[%emt 0:13:48]} 10. e3 {[%emt 0:07:07]} Rc8 {[%emt 0:06:13]} 11. Bb2 {[%emt 0:02:58]} a6 {[%emt 0:11:25]} 12. f4 {[%emt 0:08:49]} Qc7 {[%emt 0:06:50]} 13. Rc1 {[%emt 0:08:24]} Rfd8 {[%emt 0:07:29]} 14. Qf3 {[%emt 0:10:06]} Ne4 {[%emt 0:10:32]} 15. Nxe4 {[%emt 0:02:22]} dxe4 {[%emt 0:00:15]} 16. Qe2 {[%emt 0:04:07]} Nf8 {[%emt 0:10:30]} 17. h4 {[%emt 0:12:01]} f6 {[%emt 0:03:49]} 18. Ng4 {[%emt 0:00:16]} Qd7 {[%emt 0:01:55]} 19. Rcd1 {[%emt 0:04:35]} Qe8 {[%emt 0:02:08]} 20. h5 {[%emt 0:03:59]} h6 {[%emt 0:01:04]} 21. f5 {[%emt 0:04:00]} Kh8 {[%emt 0:03:59]} 22. Nh2 {[%emt 0:06:08]} exf5 {[%emt 0:02:59]} 23. Rxf5 {[%emt 0:00:24]} Bd6 {[%emt 0:00:20]} 24. d5 {[%emt 0:02:22]} Rc7 {[%emt 0:01:16]} 25. Qf2 {[%emt 0:07:07]} Nh7 {[%emt 0:04:04]} 26. Qe1 {[%emt 0:04:53]} Bc8 {[%emt 0:00:34]} 27. Rf1 {[%emt 0:00:06]} Ng5 {[%emt 0:01:50]} 28. Rf4 {[%emt 0:01:38]} Bxf4 {[%emt 0:02:27]} 29. gxf4 {[%emt 0:00:23]} Nh3+ {[%emt 0:00:32]} 30. Bxh3 {[%emt 0:00:14]} Bxh3 {[%emt 0:00:11]} 31. Qh4 {[%emt 0:00:15]} Bc8 {[%emt 0:00:57]} 32. Ng4 {[%emt 0:00:26]} Bxg4 {[%emt 0:01:19]} 33. Qxg4 {[%emt 0:00:03]} Qd7 {[%emt 0:00:30]} 34. f5 {[%emt 0:00:30]} Qd6 {[%emt 0:00:52]} 35. Rd2 {[%emt 0:00:29]} Re7 {[%emt 0:00:56]} 36. Rg2 {[%emt 0:00:56]} b5 {[%emt 0:00:34]} 37. Qh4 {[%emt 0:00:27]} bxc4 {[%emt 0:00:33]} 38. bxc4 {[%emt 0:01:13]} Rb8 {[%emt 0:00:25]} 39. Kh1 {[%emt 0:00:38]} Rb4 {[%emt 0:00:55]} 40. a3 {[%emt 0:00:00]} Rb3 {[%emt 0:00:30]} 41. a4 {[%emt 0:06:52]} Rb4 {[%emt 0:10:02]} 42. a5 {[%emt 0:00:46]} Reb7 {[%emt 0:04:02]} 43. Bc3 {[%emt 0:01:24]} Rxc4 {[%emt 0:01:56]} 44. Bb2 {[%emt 0:00:23]} Rcb4 {[%emt 0:00:53]} 45. Bc3 {[%emt 0:00:18]} Rb1+ {[%emt 0:00:36]} 46. Rg1 {[%emt 0:00:07]} Rxg1+ {[%emt 0:01:28]} 47. Kxg1 {[%emt 0:00:02]} Qxd5 {[%emt 0:01:02]} 48. Qg4 {[%emt 0:00:33]} Rb1+ {[%emt 0:00:46]} 49. Kf2 {[%emt 0:01:15]} Qd3 {[%emt 0:02:03]} 50. Qg6 {[%emt 0:01:49]} Qc2+ {[%emt 0:01:44]} 51. Kg3 {[%emt 0:00:33]} Rg1+ {[%emt 0:00:10]} 0-1